| 000 | 01130nam a22002777a 4500 | ||
|---|---|---|---|
| 999 |
_c64474 _d64474 |
||
| 005 | 20240530110733.0 | ||
| 008 | 180313s2016 ua g b 000 0dara d | ||
| 017 |
_a19579/2016 _bمصر. دار الكتب |
||
| 020 | _a9789773193058 | ||
| 040 |
_aEG-CaGPL _cEG-CaGPL |
||
| 082 | 0 | 4 |
_221 _a303.483/ _bر د |
| 100 | 0 | _aرامى عبود | |
| 245 | 1 | 0 |
_aديجيتولوجيا : _bالانترنت .. اقتصاد المعرفة .. الثورة الصناعية الرابعة .. المستقبل / _cرامى عبود |
| 250 | _aط. 1 | ||
| 260 |
_aالقاهرة : _bالعربى للنشر و التوزيع ، _c2016. |
||
| 300 |
_a239 ص. ؛ _c24 سم. |
||
| 504 | _aيشتمل على ارجاعات ببليوجرافية | ||
| 650 | 0 | 7 |
_2qrmak _aالمعلومات _xعلم |
| 650 | 0 | 7 |
_2qrmak _aالحاسبات الالكترونية |
| 650 | 0 | 7 |
_2qrmak _aالانترنت |
| 650 | 0 | 7 |
_2qrmak _aالتكنولوجيا _xخدمات المعلومات |
| 650 | 0 | 7 |
_2qrmak _aالتكنولوجيا _xبرامج الحاسبات |
| 651 | _2qrmak | ||
| 942 |
_2ddc _cBK |
||